| 000 | 02257cam a22003255a 4500 | ||
|---|---|---|---|
| 999 |
_c26977 _d26949 |
||
| 001 | 19543061 | ||
| 005 | 20181113101508.0 | ||
| 008 | 170307s2017 enk b 001 0 eng | ||
| 010 | _a 2017011135 | ||
| 020 | _a9781292176048 (print) | ||
| 040 |
_aDLC _beng _cDLC _dDLC _dEG-ScBUE |
||
| 042 | _apcc | ||
| 043 | _ae-uk--- | ||
| 082 | 0 | 4 |
_a342.41 _bCAR _222 |
| 100 | 1 |
_aCarroll, Alex, _d1947- _941920 |
|
| 245 | 1 | 0 |
_aConstitutional and administrative law / _cAlex Carroll. |
| 250 | _a9th ed. | ||
| 260 |
_aHarlow : _bPearson Education Limited, _c2017. |
||
| 300 |
_aliii, 779 p. ; _c25 cm. |
||
| 490 | 0 | _aFoundation series | |
| 504 | _aIncludes bibliographical references and index. | ||
| 505 | 0 | _aIntroduction to constitutional and administrative law -- The characteristics of the constitution -- Sources of constitutional and administrative law -- The European Union : institutions of government and sources of law -- The legislative sovereignty of the Westminster Parliament -- The franchise and electorate -- The House of Commons : members of Parliament -- The House of Commons : principal functions -- The House of Lords -- Parliamentary privilege -- The Prime Minister and Cabinet -- The royal prerogative -- Legal liability of the Crown and public authorities -- Judicial review : nature and grounds for -- Judicial review : applications for, exclusion of, and exclusivity -- The Eurpean Convention on Human Rights -- The human rights act 1998 -- Police powers, personal liberty and privacy -- Restrictions on the rights of freedom of assembly and association -- Restrictions on the rights of freedom of expression and information -- Freedom and emergency powers -- Tribunals and inquiries -- Public services ombudsmen -- Appendix: 'Brexit.' | |
| 520 | _aSpecifically designed for LLB or GDL students, this student-friendly text can be relied upon to give you a solid understanding of the essential legal and political issues which underpin the British system of government and the rights and freedoms of those subject to it. | ||
| 650 | 7 |
_aConstitutional law _zGreat Britain. _2BUEsh |
|
| 650 | 7 |
_aAdministrative law _zGreat Britain. _2BUEsh |
|
| 651 | _2BUEsh | ||
| 653 |
_bLLAAWW _cNovember2018 |
||
| 655 | _vText book | ||
| 942 | _2ddc | ||